00595 2200241 4500001002100000005001500021035002000036008004100056245007200097100002300169250000600192260003600198300001100234084001400245082000800259650001400267990001200281990001200293990001200305990001200317990001200329990001200341INLIS00000000000029620240503081045 a0010-0424000272240503 0 ind 1 aMengaransemen dan Menyajikan Lagu Mancanegara /cSupriyantiningtyas aSupriyantiningtyas a1 aKlaten :bIntan Pariwara,c2013 a44 hlm a700 SUP m a700 4aNon Fiksi a0728805 a0728806 a0722356 a0722357 a0722358 a0722359